Tréningová hala Lučenec

Salvato in:
Dettagli Bibliografici
Autore principale: Brettschneiderová, Viktória (Autore)
Altri autori: Varga, Tibor (Relatore della tesi)
Natura: Manoscritto Libro
Lingua:slovacco
Pubblicazione: Bratislava 2022
Soggetti:
Accesso online:http://is.stuba.sk/zp/portal_zp.pl?podrobnosti=157787
Tags: Aggiungi Tag
Nessun Tag, puoi essere il primo ad aggiungerne!!

MARC

LEADER 00000ntm a22000003a 4500
001 stuzp89875
003 SK-STU
005 20221019100809.2
007 ta
008 150427s2015----xo-----f-mn---000-0-slo-d
040 |a STU  |b slo 
041 0 |a slo 
100 1 |a Brettschneiderová, Viktória  |u 052120  |4 aut  |U FAD Fakulta architektúry a dizajnu  |T FAD Ústav ekologickej a experimentálnej architektúry  |X 77185  |U A2120  |Y 393  |7 77185 
242 0 1 |a Training hall Lučenec  |y eng 
245 1 0 |a Tréningová hala Lučenec 
260 |c 2022  |a Bratislava 
650 4 |a šport  |2 slo 
650 4 |a multifunkčnosť  |2 slo 
650 4 |a drevostavba  |2 slo 
650 4 |a socializácia  |2 slo 
650 4 |a multipurpose  |2 eng 
650 4 |a sport  |2 eng 
650 4 |a wooden construction  |2 eng 
650 4 |a socialization  |2 eng 
700 1 |a Varga, Tibor  |u 052120  |k Z1  |4 ths  |U FAD Fakulta architektúry a dizajnu  |T FAD Ústav ekologickej a experimentálnej architektúry  |X 337  |U A2120  |Y 393  |7 A000000337 
856 4 |u http://is.stuba.sk/zp/portal_zp.pl?podrobnosti=157787  |u https://opac.crzp.sk/?fn=detailBiblioForm&sid=228C7CD165D66AC755D54AFE85CA